header

Toward health equity and patient-centeredness (Record no. 2075)

MARC details
000 -LEADER
fixed length control field 02269nam a2200397 a 4500
245 10 - TITLE STATEMENT
Title Toward health equity and patient-centeredness
260 ## - PUBLICATION, DISTRIBUTION, ETC. (IMPRINT)
Place of publication Washington, D.C. :
Name of publisher National Academies Press,
Year of publication 2009.
300 ## - PHYSICAL DESCRIPTION
Number of Pages xvi, 85 p. :
Other physical details ill.
650 #0 - SUBJECT ADDED ENTRY--TOPICAL TERM
Topical Term Health services accessibility
Topical Term Equality
Topical Term Public health administration
Topical Term Medical policy
Topical Term Medical care
700 1# - ADDED ENTRY--PERSONAL NAME
Personal name Chao, Samantha.
Personal name Anderson, Karen,
Personal name Hernandez, Lyla M.
856 40 - ELECTRONIC LOCATION AND ACCESS
Uniform Resource Identifier http://site.ebrary.com/lib/rucke/Doc?id=10286186

No items available.

© 2026 Rongo University
Contact us: librarian | system librarian | Rongo university